000 00578nam a22002177a 4500
003 UA-OsUOA
001 77668
007 ta
008 20110920b un ||||| |||| 00| 0 ukr d
100 _aЧемодуров О.
090 _a330
_bЧ-42
942 _cSA
040 _aUA-OsUOA
_bukr
_cUA-OsUOA
_dUA-OsUOA
245 _aКапіталізація фондового ринку та економічне зростання
300 _aС.43-54
955 _a0
041 _aukr
080 _a330
773 0 _w77664
650 7 _a330 Економіка взагалі
_2UDC
999 _c363978
_d363978